Prépositions en anglais - Statistiques

Statistiques générales
  • Ce quiz a été pris 27 fois
  • Le résultat moyen est 15 sur 32
Statistiques - réponses
Hint Réponse % Correct
dans, à l’intérieur de in
96%
derrière behind
93%
au-dessous under
93%
entre between
89%
sur on
89%
avant before
85%
après after
81%
durant during
70%
depuis since
63%
autour de around
59%
de, depuis, à partir de from
59%
devant in front of
56%
à côté de next to
56%
à travers through
56%
au-dessus de above
52%
contre against
52%
à, jusqu’à, chez to
52%
jusqu’à until
52%
en haut de up
41%
pendant for
37%
près (de), à côté de by
33%
sur, dessus, par dessus over
33%
au-delà over
33%
en dessous, sous below
19%
de off
19%
sous, dessous beneath
11%
en into
11%
dedans into
11%
à travers across
7%
loin de away from
4%
au-delà de past
0%
vers, du côté de towards
0%
Aucun quiz correspondant
Distribution des résultats
% des personnes avec chaque résultat
Percentile par nombre de réponses
Votre historique - résultats
Vous n’avez pas pris ce quiz